State of the World's forests, 2005 (Record no. 76753)

MARC details
000 -LEADER
fixed length control field 01033nam a2200229 a 4500
008 - FIXED-LENGTH DATA ELEMENTS--GENERAL INFORMATION
fixed length control field 060725s2005 ||||||||||||||||| || u
020 ## - INTERNATIONAL STANDARD BOOK NUMBER
International Standard Book Number 9251051879
050 ## - LIBRARY OF CONGRESS CALL NUMBER
Classification number UN-FAO(058)
110 ## - MAIN ENTRY--CORPORATE NAME
Corporate name or jurisdiction name as entry element United Nations Food and Agriculture Organisation (FAO)
245 10 - TITLE STATEMENT
Title State of the World's forests, 2005
Statement of responsibility, etc. by United Nations Food and Agriculture Organization [UN-FAO]
260 ## - PUBLICATION, DISTRIBUTION, ETC.
Place of publication, distribution, etc. Rome:
Name of publisher, distributor, etc. Food and Agriculture Organization
Date of publication, distribution, etc. 2005
300 ## - PHYSICAL DESCRIPTION
Extent xiii, 153p.: ill.
350 ## -
-- 0.00
362 1# -
-- <p>2005</p>
490 ## -
-- State of the Worlds Forest
490 ## -
-- 6
650 ## - SUBJECT ADDED ENTRY--TOPICAL TERM
Topical term or geographic name entry element FORESTRY, FOREST PRODUCTS
650 ## - SUBJECT ADDED ENTRY--TOPICAL TERM
Topical term or geographic name entry element FOREST MANAGEMENT--STANDARDS
650 ## - SUBJECT ADDED ENTRY--TOPICAL TERM
Topical term or geographic name entry element FORESTRY, FOREST RESEARCH
995 ## -
-- SPECIAL COLLECTIONS
-- 0.00
-- 03000759
-- CBU-MAIN LIBRARY (Kitwe)
-- 1
-- 0.00
-- UNO-FAO(058)SWF/2005B
-- 2
-- AVAILABLE
-- Jul 25, 2006
-- 03000759
-- International Publications
995 ## -
-- SPECIAL COLLECTIONS
-- 0.00
-- 03000758
-- CBU-MAIN LIBRARY (Kitwe)
-- 1
-- 0.00
-- FAO(058)SWF/2005/6A
-- 1
-- AVAILABLE
-- Jul 25, 2006
-- 03000758
-- International Publications
999 ## -
-- 76753
-- 76753
Holdings
Withdrawn status Lost status Source of classification or shelving scheme Damaged status Not for loan Permanent Location Current Location Shelving location Date acquired Total Checkouts Full call number Barcode Date last seen Price effective from Koha item type
          CBU-MAIN LIBRARY, KITWE. CBU-MAIN LIBRARY, KITWE.   04/25/2023   UN-FAO(058)SWF/2005B 03000759 04/25/2023 04/25/2023 SPECIAL COLLECTION
          CBU-MAIN LIBRARY, KITWE. CBU-MAIN LIBRARY, KITWE.   04/25/2023   UN-FAO(058)SWF/2005/6A 03000758 04/25/2023 04/25/2023 SPECIAL COLLECTION